Play games with English book 2 (Teacher's book)

Spremljeno u:
Bibliografski detalji
Format: Knjiga
Izdano: 1980
Oznake: Dodaj oznaku
Bez oznaka, Budi prvi tko označuje ovaj zapis!
Thư viện lưu trữ: Mạng thư viện Đại học Đà Nẵng
LEADER 00457nam a22001811a 4500
001 000037689
003 13984
005 20160412020424.0
008 160412s1980 000
082 |a 4A(07)1053 
245 |a Play games with English book 2 (Teacher's book)  |c Collin Granger 
260 |c 1980 
OWN |a LNN 
999 |a From the UDN01 
TYP |a Monograph 
980 |a Mạng thư viện Đại học Đà Nẵng